| Tag |
First Indicator |
Second Indicator |
Subfields |
| LEADER |
00000cam a2200000 a 4500 |
| 001 |
in00000026849 |
| 005 |
20151007054552.0 |
| 008 |
880608s1988 nyua b 00110 eng d |
| 020 |
|
|
|a 0852261519 (Wiley Eastern Ltd.) :
|c $21.56
|
| 020 |
|
|
|a 0470202211
|
| 035 |
|
|
|a (OCoLC)18054607
|
| 035 |
|
|
|9 AAB5535AM
|
| 040 |
|
|
|a NAG
|c NAG
|d TXA
|d UtOrBLW
|
| 049 |
|
|
|a TXAM
|c [A11521333]
|
| 050 |
|
4 |
|a TK5103.7
|b .D39 1988
|
| 100 |
1 |
|
|a Das, J.
|
| 245 |
1 |
0 |
|a Review of digital communication :
|b 'state of the art' in digital signaling, digital switching and data networks /
|c J. Das.
|
| 264 |
|
1 |
|a New York :
|b Wiley,
|c 1988.
|
| 300 |
|
|
|a xvi, 615 pages :
|b illustrations ;
|c 25 cm.
|
| 336 |
|
|
|a text
|b txt
|2 rdacontent
|
| 337 |
|
|
|a unmediated
|b n
|2 rdamedia
|
| 338 |
|
|
|a volume
|b nc
|2 rdacarrier
|
| 504 |
|
|
|a Includes bibliographical references and index.
|
| 650 |
|
0 |
|a Digital communications.
|
| 999 |
|
|
|a MARS
|
| 999 |
f |
f |
|s 666c971c-2c31-3892-9f5d-f12dea930bd7
|i 77793173-4b96-32d3-946e-63a484922782
|t 0
|
| 952 |
f |
f |
|p ric
|a Texas A&M University
|b Rellis Campus
|c Joint Library Facility
|d Remote Storage
|t 0
|e TK5103.7 .D39 1988
|h Library of Congress classification
|i unmediated -- volume
|m A14811521333
|
| 998 |
f |
f |
|a TK5103.7 .D39 1988
|t 0
|l Remote Storage
|